00836nam a2200169 i 450000100060000000300090000600500170001500700030003200800410003510000430007624503250011926000710044430000210051570000330053671000510056985200460062079761ES-MaACL20240419213206.0t|041025s1912 sp ||||1| spa d1 aHerrero y Sánchez, José Joaquín.10aTres músicos españoles b: Juan del Encina, Lucas Fernández, Manuel Doyagüe y la cultura artística de su tiempo : discurso leído ante la Real Academia de Bellas Artes de San Fernando en la recepción pública / cpor José Joaquín Herrero ; contestación de Cecilio Roda López el 23 de junio de 1912. aMadrid : b[s.n.], c1912 (fTip. Artística de Suárez y Abbad) a94 p. ; c25 cm.1 aRoda, Cecilio de,d1865-19122 aReal Academia de Bellas Artes de San Fernando. aES-MaACLjL-4912(20-5) z.- Donativo Roda